| 000 | 00949nam a2200265Ia 4500 | ||
|---|---|---|---|
| 001 | 21975 | ||
| 005 | 20260320113330.0 | ||
| 008 | 260320s9999||||xx |||||||||||||| ||und|| | ||
| 020 | _a9786125165169 | ||
| 041 | _aESP | ||
| 082 |
_a658.408 _bM22 |
||
| 100 |
_aManzone, Gianni, _eAUT |
||
| 245 | 0 |
_aEl rostro humano de las organizaciones : _bresponsabilidad en los procesos decisionales |
|
| 246 |
_aIl volto umano delle organizzazioni : _5la responsabilita nei processi decisionali _b |
||
| 250 | _aPrimera edición | ||
| 260 |
_aArequipa : _bUniversidad Católica San Pablo, _c2025 |
||
| 300 |
_a207 páginas : _b _c22 cm. _e |
||
| 440 |
_a _n _v |
||
| 650 | _aTCA | ||
| 653 | _aAdministración; Responsabilidad social; Organizaciones | ||
| 654 | _aCAN | ||
| 700 |
_a _c |
||
| 856 |
_uhttps://0u20fmp0c-y-https-research-ebsco-com.itmsp.museknowledge.com/c/qxo6us/search _zVéase además: Base de datos EBSCOhost |
||
| 942 |
_cLIB _dJUS _fMAT _2ddc _n |
||
| 999 |
_c21975 _d21975 |
||